000 00722ngm a22002890a 4500
001 PT43575
003 AR-LpoUNG
005 20210201232341.0
007 co ||u|||uuuuu
008 191001s2000||||xxu|||||||||||||||||eng d
040 _aAR-LpoUNG
_bspa
_cAR-LpoUNG
_eaacr
041 _aeng
044 _axxu
082 0 _a781.72 557con
100 1 _aHernandez, Horacio
245 1 0 _aConversations in clave
260 _aMiami :
_bWarner bros.,
_c2000.
300 _ason.
650 4 _aINSTRUMENTOS MUSICALES
650 4 _aMUSICA
651 4 _aDOCUMENTOS TEORICOS O METODOLOGICOS
653 _aMUSICA AFRO-CUBANA
653 _aPERCUSION
653 _aTECNICAS DE ESTUDIO
905 _a43575
942 _cCDDVD
999 _c53449
_d53449